Từ điển tin học và công nghệ thông tin Anh-Anh-Việt 1999

Wedi'i Gadw mewn:
Manylion Llyfryddiaeth
Prif Awdur: Lê Quốc Trung
Fformat: Llyfr
Iaith:English
Cyhoeddwyd: Tông tấn 2002
Pynciau:
Tagiau: Ychwanegu Tag
Dim Tagiau, Byddwch y cyntaf i dagio'r cofnod hwn!
Thư viện lưu trữ: Mạng thư viện Đại học Đà Nẵng
LEADER 00870cam a22002891a 4500
001 000033748
003 9938
005 20151022000000.0
008 151022s2002 vm 000 eng
041 |a eng 
082 |a 423  |b NG-K 
100 |a Lê Quốc Trung 
245 |a Từ điển tin học và công nghệ thông tin Anh-Anh-Việt 1999  |c Nguyễn Ngọc Tuấn 
260 |a Tông tấn  |c 2002 
300 |a 600tr. : mh ; 20 cm 
650 |a Từ điển, tin học, công nghệ thông tin, Anh, Anh-Việt, 1999, Lê Quốc Trung, NGUYỄN NGỌC TUẤN 
852 |b Đọc  |c TỪ ĐIỂN 
OWN |a LNN 
999 |a From the UDN01 
TYP |a Monograph 
980 |a Mạng thư viện Đại học Đà Nẵng